<?xml version="1.0" encoding="UTF-8"?>
<record
    xmlns:xsi="http://www.w3.org/2001/XMLSchema-instance"
    xsi:schemaLocation="http://www.loc.gov/MARC21/slim http://www.loc.gov/standards/marcxml/schema/MARC21slim.xsd"
    xmlns="http://www.loc.gov/MARC21/slim">

  <leader>00379nam a22001697a 4500</leader>
  <controlfield tag="003">OSt</controlfield>
  <controlfield tag="005">20260224171652.0</controlfield>
  <controlfield tag="008">260224b        |||||||| |||| 00| 0 eng d</controlfield>
  <datafield tag="040" ind1=" " ind2=" ">
    <subfield code="c">FLL</subfield>
  </datafield>
  <datafield tag="041" ind1=" " ind2=" ">
    <subfield code="d">HINDI</subfield>
    <subfield code="e">HINDI</subfield>
  </datafield>
  <datafield tag="100" ind1=" " ind2=" ">
    <subfield code="a">SINGH, AVTAR</subfield>
  </datafield>
  <datafield tag="245" ind1=" " ind2=" ">
    <subfield code="a">SANVIDA VIDHI KE SIDHANTH</subfield>
  </datafield>
  <datafield tag="250" ind1=" " ind2=" ">
    <subfield code="a">11th</subfield>
  </datafield>
  <datafield tag="260" ind1=" " ind2=" ">
    <subfield code="a">LUCKNOW</subfield>
    <subfield code="b">EBC</subfield>
    <subfield code="c">2017</subfield>
  </datafield>
  <datafield tag="300" ind1=" " ind2=" ">
    <subfield code="a">656</subfield>
  </datafield>
  <datafield tag="942" ind1=" " ind2=" ">
    <subfield code="2">CC</subfield>
    <subfield code="c">TB</subfield>
    <subfield code="n">0</subfield>
  </datafield>
  <datafield tag="999" ind1=" " ind2=" ">
    <subfield code="c">1680179</subfield>
    <subfield code="d">1680179</subfield>
  </datafield>
  <datafield tag="952" ind1=" " ind2=" ">
    <subfield code="0">0</subfield>
    <subfield code="1">0</subfield>
    <subfield code="2">CC</subfield>
    <subfield code="4">0</subfield>
    <subfield code="7">0</subfield>
    <subfield code="a">LCO</subfield>
    <subfield code="b">LCO</subfield>
    <subfield code="d">2026-01-17</subfield>
    <subfield code="e">Bookwell Publications</subfield>
    <subfield code="g">596.00</subfield>
    <subfield code="i">673/17-01-26</subfield>
    <subfield code="l">0</subfield>
    <subfield code="o">Z2,3 Q7</subfield>
    <subfield code="p">LO1646123</subfield>
    <subfield code="r">2026-02-24 17:07:32</subfield>
    <subfield code="w">2026-02-24</subfield>
    <subfield code="y">TB</subfield>
  </datafield>
  <datafield tag="952" ind1=" " ind2=" ">
    <subfield code="0">0</subfield>
    <subfield code="1">0</subfield>
    <subfield code="2">CC</subfield>
    <subfield code="4">0</subfield>
    <subfield code="7">0</subfield>
    <subfield code="a">LCO</subfield>
    <subfield code="b">LCO</subfield>
    <subfield code="d">2026-01-17</subfield>
    <subfield code="e">Bookwell Publications</subfield>
    <subfield code="g">596.00</subfield>
    <subfield code="i">673/17-01-26</subfield>
    <subfield code="l">0</subfield>
    <subfield code="o">Z2,3 Q7</subfield>
    <subfield code="p">LO1646124</subfield>
    <subfield code="r">2026-02-24 17:07:32</subfield>
    <subfield code="w">2026-02-24</subfield>
    <subfield code="y">TB</subfield>
  </datafield>
  <datafield tag="952" ind1=" " ind2=" ">
    <subfield code="0">0</subfield>
    <subfield code="1">0</subfield>
    <subfield code="2">CC</subfield>
    <subfield code="4">0</subfield>
    <subfield code="7">0</subfield>
    <subfield code="a">LCO</subfield>
    <subfield code="b">LCO</subfield>
    <subfield code="d">2026-01-17</subfield>
    <subfield code="e">Bookwell Publications</subfield>
    <subfield code="g">596.00</subfield>
    <subfield code="i">673/17-01-26</subfield>
    <subfield code="l">0</subfield>
    <subfield code="o">Z2,3 Q7</subfield>
    <subfield code="p">LO1646125</subfield>
    <subfield code="r">2026-02-24 17:07:32</subfield>
    <subfield code="w">2026-02-24</subfield>
    <subfield code="y">TB</subfield>
  </datafield>
  <datafield tag="952" ind1=" " ind2=" ">
    <subfield code="0">0</subfield>
    <subfield code="1">0</subfield>
    <subfield code="2">CC</subfield>
    <subfield code="4">0</subfield>
    <subfield code="7">0</subfield>
    <subfield code="a">LCO</subfield>
    <subfield code="b">LCO</subfield>
    <subfield code="d">2026-01-17</subfield>
    <subfield code="e">Bookwell Publications</subfield>
    <subfield code="g">596.00</subfield>
    <subfield code="i">673/17-01-26</subfield>
    <subfield code="l">0</subfield>
    <subfield code="o">Z2,3 Q7</subfield>
    <subfield code="p">LO1646126</subfield>
    <subfield code="r">2026-02-24 17:07:32</subfield>
    <subfield code="w">2026-02-24</subfield>
    <subfield code="y">TB</subfield>
  </datafield>
  <datafield tag="952" ind1=" " ind2=" ">
    <subfield code="0">0</subfield>
    <subfield code="1">0</subfield>
    <subfield code="2">CC</subfield>
    <subfield code="4">0</subfield>
    <subfield code="7">0</subfield>
    <subfield code="a">LCO</subfield>
    <subfield code="b">LCO</subfield>
    <subfield code="d">2026-01-17</subfield>
    <subfield code="e">Bookwell Publications</subfield>
    <subfield code="g">596.00</subfield>
    <subfield code="i">673/17-01-26</subfield>
    <subfield code="l">0</subfield>
    <subfield code="o">Z2,3 Q7</subfield>
    <subfield code="p">LO1646127</subfield>
    <subfield code="r">2026-02-24 17:07:32</subfield>
    <subfield code="w">2026-02-24</subfield>
    <subfield code="y">TB</subfield>
  </datafield>
  <datafield tag="952" ind1=" " ind2=" ">
    <subfield code="0">0</subfield>
    <subfield code="1">0</subfield>
    <subfield code="2">CC</subfield>
    <subfield code="4">0</subfield>
    <subfield code="7">0</subfield>
    <subfield code="a">LCO</subfield>
    <subfield code="b">LCO</subfield>
    <subfield code="d">2026-01-17</subfield>
    <subfield code="e">Bookwell Publications</subfield>
    <subfield code="g">596.00</subfield>
    <subfield code="i">673/17-01-26</subfield>
    <subfield code="l">0</subfield>
    <subfield code="o">Z2,3 Q7</subfield>
    <subfield code="p">LO1646128</subfield>
    <subfield code="r">2026-02-24 17:07:32</subfield>
    <subfield code="w">2026-02-24</subfield>
    <subfield code="y">TB</subfield>
  </datafield>
  <datafield tag="952" ind1=" " ind2=" ">
    <subfield code="0">0</subfield>
    <subfield code="1">0</subfield>
    <subfield code="2">CC</subfield>
    <subfield code="4">0</subfield>
    <subfield code="7">0</subfield>
    <subfield code="a">LCO</subfield>
    <subfield code="b">LCO</subfield>
    <subfield code="d">2026-01-17</subfield>
    <subfield code="e">Bookwell Publications</subfield>
    <subfield code="g">596.00</subfield>
    <subfield code="i">673/17-01-26</subfield>
    <subfield code="l">0</subfield>
    <subfield code="o">Z2,3 Q7</subfield>
    <subfield code="p">LO1646129</subfield>
    <subfield code="r">2026-02-24 17:07:32</subfield>
    <subfield code="w">2026-02-24</subfield>
    <subfield code="y">TB</subfield>
  </datafield>
  <datafield tag="952" ind1=" " ind2=" ">
    <subfield code="0">0</subfield>
    <subfield code="1">0</subfield>
    <subfield code="2">CC</subfield>
    <subfield code="4">0</subfield>
    <subfield code="7">0</subfield>
    <subfield code="a">LCO</subfield>
    <subfield code="b">LCO</subfield>
    <subfield code="d">2026-01-17</subfield>
    <subfield code="e">Bookwell Publications</subfield>
    <subfield code="g">596.00</subfield>
    <subfield code="i">673/17-01-26</subfield>
    <subfield code="l">0</subfield>
    <subfield code="o">Z2,3 Q7</subfield>
    <subfield code="p">LO1646130</subfield>
    <subfield code="r">2026-02-24 17:07:32</subfield>
    <subfield code="w">2026-02-24</subfield>
    <subfield code="y">TB</subfield>
  </datafield>
</record>
